Business research methods

Αποθηκεύτηκε σε:
Λεπτομέρειες βιβλιογραφικής εγγραφής
Κύριος συγγραφέας: Blumberg, Boris
Άλλοι συγγραφείς: Cooper, Donald R., Schindler, Pamela S.
Μορφή: Βιβλίο
Γλώσσα:English
Δημοσίευση: London : McGraw Publishing Company, c2005
Θέματα:
Ετικέτες: Προσθήκη ετικέτας
Δεν υπάρχουν, Καταχωρήστε ετικέτα πρώτοι!

MARC

LEADER 00000nam a2200000 i 4500
001 1/33105
008 060803t2005 eng d
020 |a 0-07-710742-X 
035 |l 10084857 
040 |a GR-MY-UA  |b gre  |e aacr 
041 0 |a eng 
082 0 |a 658.0072  |2 (22) 
100 1 |a Blumberg, Boris. 
245 1 0 |a Business research methods /  |c Boris Blumberg, Donald R. Cooper και Pamela S. Schindler 
260 |a London :   |b McGraw Publishing Company,   |c c2005 
300 |a xv,596 σ.;  |b διαγρ., πίν.;  |c 24 εκ.+  |e 1 οπτική δισκέτα λέιζερ (4 3/4 ίν.) 
504 |a Περιλαμβάνει βιβλιογραφία και ευρετήριο 
650 0 0 |a Industrial management  |x Research. 
700 1 |a Cooper, Donald R. 
700 1 |a Schindler, Pamela S. 
852 |a INST  |b CHIOS  |e 20060803  |h 658.0072 BLU  |p 005200026314  |q 005200026314  |t BK  |y 0 
852 |a INST  |b CHIOS  |e 20060803  |h 658.0072 BLU   |p 005200026343  |q 005200026343  |t BK  |y 0 
901 |a BIBL2-2006-2 
909 |a Χ  |b 128764 
920 |a ΑΝΑΜΟΡΦΩΣΗ  |b ΕΠΕΑΕΚ ΙΙ - ΤΔΕ  |y ΧΙΟΣ  |z 2006-06 
922 |a 2ΕΛΗ 
970 |a ΒΑΣΙΛΑΚΗ  |b ΝΙΚΗ  |z 2006/08/03